Textbook of Orthodontics / (Record no. 35312)

MARC details
000 -LEADER
fixed length control field 00456nam a22001697a 4500
005 - DATE AND TIME OF LATEST TRANSACTION
control field 20240312090335.0
008 - FIXED-LENGTH DATA ELEMENTS--GENERAL INFORMATION
fixed length control field 240312b |||||||| |||| 00| 0 eng d
020 ## - INTERNATIONAL STANDARD BOOK NUMBER
ISBN 9788123924656
082 ## - DEWEY DECIMAL CLASSIFICATION NUMBER
Classification number 617.643
Item number SAN-T
100 ## - MAIN ENTRY--AUTHOR
Author Name Sandeep, Goyal
245 ## - TITLE STATEMENT
Title Textbook of Orthodontics /
Statement of responsibility, etc. Sandeep Goyal
260 ## - PUBLICATION, DISTRIBUTION, ETC.
Place of Publication India :
Name of publisher, distributor, etc. CBS ;
Date of publication, distribution, etc. 2015 .
300 ## - PHYSICAL DESCRIPTION
Pages x, 877 p. :
500 ## - GENERAL NOTE
General note Include Index.
650 ## - SUBJECT ADDED ENTRY--TOPICAL TERM
Subject / Department Medical / Dentistry
300 ## - PHYSICAL DESCRIPTION
-- ill ;
-- 24 cm .
952 ## - LOCATION AND ITEM INFORMATION (KOHA)
-- 0
-- 0
Holdings
Lost status Damaged status Collection code Permanent Location Current Location Shelving Location Date acquired Full Call Number Accession No./Barcode Date last seen item type Koha item type
    Medical Superior Information Resource Center (SIRC) Superior University- Main Campus Superior Information Resource Center (SIRC) Superior University- Main Campus Dentistry 03/12/2024 617.643 SAN-T 2015 13440 03/12/2024 BOOK BOOK

Powered by Koha